00922nam a2200217 a 450000100100000000500170001000800410002704000250006808200160009310000240010924501230013324600470025626000760030330000360037950000740041570000300048970000450051904900090056495201140057399900170068700001631320200929164351.0100303s1942 dr a 001 0 spa d aDO-SdBNPbspacBNPHU axxxxbV752t1 aVilliers, H.93641110aTratado práctico de medicina veterinaria /cH. Villiers, A. Larbalétrier ; tradución Emilio Prieto y Villarreal.14aMedicina veterinaria :btratado práctico aSantiago de los Caballeros, República Dominicana :bEl Diario,c1942. a489 p. :bil., retrs. ;c21 cm. aIncluye referencias bibliográficas y notas al pie de las págianas1 aLarbalétrier, A.9364121 aPrieto y Villarreal , Emilioetr.936413 aBNPD 0010718PDaPDbPDcCTd2010-03-03iLF1l0oxxxx V752tp16313-10r2020-06-25w2020-06-25yLFPDZNo se presta c15848d15848